| 000 | 00424pam a2200169a 44500 | ||
|---|---|---|---|
| 008 | 230405s2004 xxu||||| |||| 00| 0 eng d | ||
| 041 | _aENG | ||
| 100 | _aSTEINMETZ RALF | ||
| 245 | _aMULTIMEDIA COMPUTING COMMUNICATION & APPLICATION | ||
| 250 | _a2004 | ||
| 260 |
_aNEW DELHI _bPEARSON EDUCATION PUB _c2004 |
||
| 300 | _aP.B,XXIV,854 | ||
| 650 | _aCSE | ||
| 690 | _aCSE | ||
| 700 | _aNAHRSTEDT KLARA | ||
| 906 | _a1373 | ||
| 999 |
_c815568 _d815568 |
||